Statistics for Busiest airports pre- and post-pandemic

Click here to take the quiz!

General Stats

  • This quiz has been taken 42 times
  • The average score is 38 of 50

Answer Stats

RankingAnswerPassengers% Correct
3Los Angeles88,100,000
97%
15Los Angeles28,800,000
97%
9Paris76,200,000
97%
21Paris22,300,000
97%
22London22,100,000
94%
7London80,900,000
94%
20New York62,600,000
94%
1Atlanta110,500,000
92%
2Atlanta42,900,000
92%
2Beijing100,000,000
89%
7Beijing34,500,000
89%
10Shanghai31,200,000
89%
8Shanghai76,200,000
89%
14Shanghai30,500,000
89%
12Amsterdam71,700,000
86%
15Frankfurt70,600,000
86%
22Madrid61,700,000
86%
12Tokyo31,000,000
86%
5Tokyo85,500,000
86%
13Chicago30,900,000
83%
6Chicago84,400,000
83%
16Delhi28,500,000
83%
17Delhi68,500,000
83%
4Dubai86,400,000
83%
19Dubai25,900,000
83%
23Mexico City22,000,000
83%
13Hong Kong71,400,000
81%
25Jakarta54,500,000
81%
19Bangkok65,400,000
78%
20Istanbul23,400,000
78%
23San Francisco57,400,000
78%
14Seoul71,200,000
75%
18Singapore68,300,000
75%
4Dallas/Fort Worth39,400,000
72%
10Dallas/Fort Worth75,100,000
72%
8Denver33,700,000
69%
16Denver60,00,000
69%
11Guangzhou73,400,000
67%
21Kuala Lumpur62,300,000
67%
1Guangzhou43,700,000
61%
3Chengdu40,700,000
58%
24Chengdu55,900,000
58%
11Xi'an31,100,000
58%
5Shenzhen37,900,000
56%
24Phoenix21,900,000
44%
18Charlotte27,200,000
36%
25Ho Chi Minh City21,900,000
36%
6Chongqing34,900,000
33%
9Kunming33,000,000
28%
17Hangzhou28,200,000
25%

Score Distribution

Percentile by Number Answered

Percent of People with Each Score

Your Score History

You have not taken this quiz